000 00316nam a22001457a 4500
003 SGT
020 _a978-93-5696-334-4
082 _a616.07
_bMOH
100 _aMOHAN, HARSH
245 _aTEXTBOOK OF PATHOLOGY
250 _a9TH
260 _aINDIA
_bJAYPEE PUB.
_c2024
650 _aATHOLOGY
942 _2ddc
_cBK
999 _c33038
_d33038